[Event "RUS-ch Blitz Men 2018"]
[Site "Sochi"]
[Date "2018.10.07"]
[Round "13"]
[White "Rakhmanov, Aleksandr"]
[Black "Inozemtsev, Sergei"]
[Result "1-0"]
[WhiteElo "2634"]
[BlackElo "2310"]
[Annotator "TA"]
[PlyCount "71"]
[EventDate "2018.10.07"]
[EventType "swiss"]
[EventCountry "RUS"]
[SourceTitle "playchess.com"]
[Source "ChessBase"]
[SourceQuality "1"]

1. c4 Nf6 2. Nc3 c5 3. Nf3 b6 4. g3 Bb7 5. Bg2 e6 6. O-O Be7 7. d4 cxd4 8. Qxd4 O-O 9. Bg5 h6 10. Bf4 d6 11. Qd2 Qc8 12. b3 Rd8 13. Rac1 a6 14. Rfd1 Nbd7 15. h3 Nc5 16. Qb2 Nce4 17. Be3 Nc5 18. Bf4 Nce4 19. Na4 Qc7 20. Qb1 Nc5 21. Nc3 Rac8 22. Be3 Qb8 23. Ne1 Bxg2 24. Nxg2 b5 25. cxb5 axb5 26. Nf4 d5 27. b4 Nce4 28. Nxe4 Nxe4 29. Qb3 Rc4 30. a3 Rdc8 31. Rxc4 dxc4 32. Qc2 Qe5 33. Ng2 Nc3 34. Rd4 Nd5 35. Rd1 Nxe3 36. Nxe3 1-0

[Event "RUS-ch Blitz Men 2018"]
[Site "Sochi"]
[Date "2018.10.07"]
[Round "13"]
[White "Paravyan, David"]
[Black "Rozum, Ivan"]
[Result "0-1"]
[WhiteElo "2629"]
[BlackElo "2573"]
[Annotator "TA"]
[PlyCount "118"]
[EventDate "2018.10.07"]
[EventType "swiss"]
[EventCountry "RUS"]
[SourceTitle "playchess.com"]
[Source "ChessBase"]
[SourceQuality "1"]

1. d4 Nf6 2. c4 e6 3. g3 d5 4. Bg2 Bb4+ 5. Bd2 Bd6 6. Nf3 Nbd7 7. c5 Be7 8. b4 O-O 9. Nc3 c6 10. O-O Ne4 11. Nxe4 dxe4 12. Ne5 f5 13. Nxd7 Bxd7 14. Bf4 Be8 15. Qd2 Bh5 16. f3 exf3 17. exf3 Bf6 18. Bd6 Be7 19. Be5 Bf6 20. Bd6 Be7 21. Bxe7 Qxe7 22. Rfe1 Rad8 23. Qe3 Qf6 24. Rad1 Bf7 25. Qe5 Rd7 26. f4 Rfd8 27. d5 exd5 28. Qxf6 gxf6 29. Rd4 Kf8 30. Kf2 Re8 31. Rxe8+ Kxe8 32. Bf1 Re7 33. Bd3 Bg6 34. b5 Rc7 35. b6 axb6 36. cxb6 Rc8 37. Ra4 Kd7 38. Ra7 Rb8 39. a4 c5 40. Bb5+ Kd6 41. Ke3 Be8 42. Bd3 Bd7 43. Bc2 d4+ 44. Kd3 Bc6 45. Bb3 Be4+ 46. Kd2 Bd5 47. Bc2 Be6 48. a5 c4 49. a6 bxa6 50. Rxa6 Kc5 51. b7 c3+ 52. Kc1 Bc4 53. Ra5+ Kb4 54. Rxf5 d3 55. Rxf6 Rxb7 56. Rf8 d2+ 57. Kd1 Re7 58. Rb8+ Kc5 59. Rc8+ Kb6 0-1

[Event "RUS-ch Blitz Men 2018"]
[Site "Sochi"]
[Date "2018.10.07"]
[Round "13"]
[White "Ponkratov, Pavel"]
[Black "Antipov, Mikhail Al."]
[Result "0-1"]
[WhiteElo "2628"]
[BlackElo "2593"]
[Annotator "TA"]
[PlyCount "60"]
[EventDate "2018.10.07"]
[EventType "swiss"]
[EventCountry "RUS"]
[SourceTitle "playchess.com"]
[Source "ChessBase"]
[SourceQuality "1"]

1. d4 Nf6 2. Nf3 c6 3. g3 d5 4. Bg2 Bf5 5. O-O h6 6. c4 e6 7. Nc3 Nbd7 8. Bf4 a6 9. c5 Be7 10. b4 Ne4 11. Qb3 O-O 12. Nd2 Nxd2 13. Bxd2 Bf6 14. e3 e5 15. dxe5 Nxe5 16. Rad1 Bg4 17. f3 Be6 18. Qc2 a5 19. a3 axb4 20. axb4 Ra3 21. Nb1 Ra7 22. e4 d4 23. Bf4 Ra2 24. Qc1 d3 25. Kh1 Qd4 26. Bxe5 Bxe5 27. f4 Rxg2 28. Kxg2 Qxe4+ 29. Rf3 Qe2+ 30. Kg1 Bd4+ 0-1

[Event "RUS-ch Blitz Men 2018"]
[Site "Sochi"]
[Date "2018.10.07"]
[Round "13"]
[White "Alekseev, Evgeny"]
[Black "Triapishko, Alexandr"]
[Result "1-0"]
[WhiteElo "2620"]
[BlackElo "2508"]
[Annotator "TA"]
[PlyCount "91"]
[EventDate "2018.10.07"]
[EventType "swiss"]
[EventCountry "RUS"]
[SourceTitle "playchess.com"]
[Source "ChessBase"]
[SourceQuality "1"]

1. e4 c6 2. d4 d5 3. exd5 cxd5 4. Nf3 Nc6 5. Ne5 a6 6. c4 e6 7. Be2 Bd6 8. Nxc6 bxc6 9. Nc3 Ne7 10. Bg5 O-O 11. Bh4 a5 12. O-O Ba6 13. Rc1 Qb8 14. cxd5 Nf5 15. Bg3 Nxg3 16. hxg3 cxd5 17. Bxa6 Rxa6 18. Qd3 Rb6 19. Na4 Rb4 20. b3 Be7 21. Rfd1 g6 22. Rc2 Rc8 23. Nc5 Bxc5 24. Rxc5 a4 25. Rb1 h5 26. Qc3 Rxc5 27. dxc5 d4 28. Qc2 axb3 29. Rxb3 Rxb3 30. axb3 Qb5 31. c6 d3 32. Qc3 d2 33. Qxd2 Qxc6 34. b4 Qc4 35. Qd6 Kg7 36. Qb6 e5 37. b5 Qc1+ 38. Kh2 Qb2 39. Qc5 e4 40. b6 Kh7 41. Qc7 Qxf2 42. b7 h4 43. b8=Q h3 44. Kxh3 e3 45. Qf4 Qxf4 46. Qxf4 1-0

[Event "RUS-ch Blitz Men 2018"]
[Site "Sochi"]
[Date "2018.10.07"]
[Round "13"]
[White "Gordievsky, Dmitry"]
[Black "Demchenko, Anton"]
[Result "1-0"]
[WhiteElo "2615"]
[BlackElo "2679"]
[Annotator "TA"]
[PlyCount "105"]
[EventDate "2018.10.07"]
[EventType "swiss"]
[EventCountry "RUS"]
[SourceTitle "playchess.com"]
[Source "ChessBase"]
[SourceQuality "1"]

1. Nf3 Nf6 2. c4 g6 3. Nc3 Bg7 4. e4 d6 5. d4 O-O 6. Be2 Na6 7. O-O e5 8. Be3 c6 9. Re1 Ng4 10. Bg5 Qe8 11. h3 Nf6 12. dxe5 dxe5 13. c5 Nxc5 14. Bc4 Be6 15. Nxe5 Nh5 16. Qd6 Bxe5 17. Qxc5 Bxc4 18. Qxc4 Qe6 19. Qxe6 fxe6 20. Rad1 Rf7 21. g3 Kg7 22. Be3 Nf6 23. f4 Bc7 24. Re2 Re8 25. Kg2 Rd7 26. Rxd7+ Nxd7 27. e5 Bb6 28. Rd2 Re7 29. Kf3 Rf7 30. Ke2 Bxe3 31. Kxe3 Nb6 32. b3 Nd5+ 33. Nxd5 cxd5 34. Rc2 g5 35. fxg5 Kg6 36. h4 Rf5 37. Kd4 Rf3 38. Rc7 Rxg3 39. Re7 Rg4+ 40. Kc5 Kf5 41. Rxh7 Kxe5 42. Rh6 Rg1 43. g6 Rc1+ 44. Kb4 Kf6 45. h5 d4 46. Rh7 d3 47. Rf7+ Ke5 48. g7 Rg1 49. h6 Kd6 50. Rf3 Ke5 51. Rxd3 Kf6 52. Rh3 Kf7 53. h7 1-0

[Event "RUS-ch Blitz Men 2018"]
[Site "Sochi"]
[Date "2018.10.07"]
[Round "13"]
[White "Kryakvin, Dmitry"]
[Black "Romanov, Evgeny"]
[Result "1/2-1/2"]
[WhiteElo "2595"]
[BlackElo "2614"]
[Annotator "TA"]
[PlyCount "68"]
[EventDate "2018.10.07"]
[EventType "swiss"]
[EventCountry "RUS"]
[SourceTitle "playchess.com"]
[Source "ChessBase"]
[SourceQuality "1"]

1. d4 Nf6 2. Bg5 e6 3. e4 c5 4. d5 h6 5. Bxf6 Qxf6 6. Nc3 a6 7. Nf3 d6 8. a4 Qe7 9. Bc4 e5 10. Be2 g6 11. O-O h5 12. Nd2 Bh6 13. Nc4 Nd7 14. a5 O-O 15. Na4 Rb8 16. Nab6 Nf6 17. Qd3 Nh7 18. Rab1 f5 19. Nxc8 Rbxc8 20. exf5 Rxf5 21. Bf3 Ng5 22. Be4 Nxe4 23. Qxe4 Qf6 24. f3 Rf4 25. Qe2 e4 26. fxe4 Qd4+ 27. Kh1 Rxe4 28. Qf3 Rf8 29. Qg3 Rxf1+ 30. Rxf1 Qxc4 31. Qxg6+ Bg7 32. Qf7+ Kh8 33. Qxh5+ Kg8 34. Qf7+ Kh8 1/2-1/2

[Event "RUS-ch Blitz Men 2018"]
[Site "Sochi"]
[Date "2018.10.07"]
[Round "13"]
[White "Maletin, Pavel"]
[Black "Yuffa, Daniil"]
[Result "0-1"]
[WhiteElo "2586"]
[BlackElo "2563"]
[Annotator "ChessBase"]
[PlyCount "142"]
[EventDate "2018.10.07"]
[EventType "swiss"]
[EventCountry "RUS"]
[SourceTitle "playchess.com"]
[Source "ChessBase"]
[SourceQuality "1"]

1. c4 g6 2. Nf3 Bg7 3. d4 Nf6 4. g3 c5 5. Bg2 O-O 6. Nc3 cxd4 7. Qxd4 Nc6 8. Qh4 Qa5 9. O-O Qh5 10. Qxh5 Nxh5 11. Bd2 d6 12. Rac1 Be6 13. b3 Nf6 14. Rfd1 Rfc8 15. Be3 Ng4 16. Bf4 h6 17. h3 Nf6 18. Be3 Nd7 19. Nd4 Nxd4 20. Bxd4 Bxd4 21. Rxd4 Rab8 22. Rdd1 Nc5 23. Nb5 a6 24. Nd4 Bd7 25. e3 Kg7 26. f4 a5 27. g4 b5 28. cxb5 Bxb5 29. Nxb5 Rxb5 30. Rc4 Rcb8 31. Bf1 Rb4 32. Rdd4 R4b6 33. Rd2 g5 34. Kf2 a4 35. bxa4 Rb2 36. Ke2 gxf4 37. exf4 Rb1 38. Bg2 Ra1 39. a5 Rb5 40. a6 Nxa6 41. Re4 e6 42. a4 Rb6 43. Red4 d5 44. Rc2 Rb4 45. Rxb4 Nxb4 46. Rc7 Rxa4 47. Bf3 Ra2+ 48. Ke3 Nc2+ 49. Kf2 Nd4+ 50. Ke3 Nxf3 51. Kxf3 Ra3+ 52. Kg2 Kf6 53. Rd7 Re3 54. Kh2 Rf3 55. f5 Rd3 56. Rd6 Ke7 57. Ra6 d4 58. Kg2 Re3 59. Ra7+ Kf6 60. Rd7 d3 61. h4 e5 62. Rd6+ Kg7 63. Kf2 Re2+ 64. Kf3 e4+ 65. Kf4 d2 66. g5 hxg5+ 67. Kxg5 Rg2+ 68. Kh5 e3 69. f6+ Kh7 70. Rd3 Rg1 71. Rxd2 Rg5+ 0-1

[Event "RUS-ch Blitz Men 2018"]
[Site "Sochi"]
[Date "2018.10.07"]
[Round "13"]
[White "Timofeev, Artyom"]
[Black "Morozevich, Alexander"]
[Result "0-1"]
[WhiteElo "2580"]
[BlackElo "2656"]
[Annotator "TA"]
[PlyCount "132"]
[EventDate "2018.10.07"]
[EventType "swiss"]
[EventCountry "RUS"]
[SourceTitle "playchess.com"]
[Source "ChessBase"]
[SourceQuality "1"]

1. c4 e5 2. d3 Bb4+ 3. Nd2 c6 4. Ngf3 d6 5. g3 f5 6. Bg2 Nf6 7. O-O O-O 8. a3 Ba5 9. b4 Bc7 10. Bb2 Nbd7 11. e3 Qe7 12. Qc2 Re8 13. Rae1 Nf8 14. c5 d5 15. d4 e4 16. Ne5 Bxe5 17. dxe5 Ng4 18. f4 exf3 19. Nxf3 Ng6 20. Nd4 N6xe5 21. h3 Nh6 22. b5 Bd7 23. bxc6 bxc6 24. Qc3 Qg5 25. Nf3 Nxf3+ 26. Rxf3 Re7 27. Qa5 Nf7 28. Qc7 Be8 29. Qf4 Qxf4 30. Rxf4 Bd7 31. Rb4 Ne5 32. Rd1 Nc4 33. Bd4 Be6 34. a4 a5 35. Rb3 Ree8 36. Bf1 Reb8 37. Bxc4 dxc4 38. Rb6 Bd5 39. Kf2 Kf7 40. Rdb1 Rxb6 41. cxb6 c5 42. Bxc5 Rb8 43. Bd4 g5 44. Rb5 Ke6 45. Rxa5 c3 46. Bxc3 Rxb6 47. Rb5 Rc6 48. Bd2 Rc2 49. Ke1 Ra2 50. Rb6+ Ke5 51. Rb4 Ra3 52. Bc1 Ra2 53. Bb2+ Kd6 54. Kd2 Kc5 55. Rb5+ Kc4 56. Kc1 Rxa4 57. Rb6 Kd3 58. Rd6 Ke4 59. Bd4 f4 60. exf4 gxf4 61. Bf2 Ra2 62. Be1 f3 63. Rf6 Kd3 64. Kb1 Re2 65. Rf5 Be4 66. Bb4 Bxf5 0-1

[Event "RUS-ch Blitz Men 2018"]
[Site "Sochi"]
[Date "2018.10.07"]
[Round "13"]
[White "Pridorozhni, Aleksei"]
[Black "Sarana, Alexey"]
[Result "0-1"]
[WhiteElo "2574"]
[BlackElo "2641"]
[Annotator "TA"]
[PlyCount "115"]
[EventDate "2018.10.07"]
[EventType "swiss"]
[EventCountry "RUS"]
[SourceTitle "playchess.com"]
[Source "ChessBase"]
[SourceQuality "1"]

1. e4 c5 2. Nc3 d6 3. Nf3 Nf6 4. d4 cxd4 5. Nxd4 a6 6. Rg1 e5 7. Nb3 Be6 8. g4 d5 9. g5 Nxe4 10. Nxe4 dxe4 11. Qxd8+ Kxd8 12. Be3 Kc7 13. Bg2 Nc6 14. c3 h6 15. h4 hxg5 16. hxg5 Rh4 17. Nd2 Ne7 18. Nxe4 Nd5 19. Nc5 Bxc5 20. Bxc5 Nf4 21. Bf1 Rd8 22. Be3 Nd3+ 23. Bxd3 Rxd3 24. Rd1 Rxd1+ 25. Kxd1 Bxa2 26. Kd2 Bd5 27. Bc5 Rf4 28. Rg3 Kc6 29. Be3 Rh4 30. Rg1 a5 31. Rf1 Bc4 32. Re1 a4 33. Ra1 Bd5 34. Rf1 Kb5 35. Ra1 Rg4 36. Ke2 Bc4+ 37. Kf3 Be6 38. Rd1 e4+ 39. Ke2 Bc4+ 40. Kd2 Rh4 41. Bd4 g6 42. Ra1 Rh3 43. Be3 Bd3 44. Ra3 Bc4 45. Ra1 Be6 46. Ke2 Bc4+ 47. Kd2 Rh8 48. Bd4 Rd8 49. Ke3 Rd5 50. Kxe4 Rxg5 51. Be3 Rh5 52. Kf4 Be6 53. Rd1 Kc6 54. Kg3 g5 55. Rd4 b5 56. Re4 Kd6 57. Rd4+ Ke7 58. Rd2 0-1

[Event "RUS-ch Blitz Men 2018"]
[Site "Sochi"]
[Date "2018.10.07"]
[Round "13"]
[White "Panarin, Mikhail"]
[Black "Savchenko, Boris"]
[Result "0-1"]
[WhiteElo "2562"]
[BlackElo "2562"]
[Annotator "ChessBase"]
[PlyCount "48"]
[EventDate "2018.10.07"]
[EventType "swiss"]
[EventCountry "RUS"]
[SourceTitle "playchess.com"]
[Source "ChessBase"]
[SourceQuality "1"]

1. e4 e6 2. d4 d5 3. Nd2 Be7 4. Bd3 c5 5. dxc5 Nf6 6. Qe2 a5 7. Ngf3 O-O 8. O-O Na6 9. e5 Nd7 10. c4 Naxc5 11. Bc2 Nb6 12. b3 Bd7 13. Rd1 Qc7 14. Nd4 Rfd8 15. Bb2 dxc4 16. Rac1 Rac8 17. Bb1 Nd3 18. Bxd3 cxd3 19. Qxd3 Qb8 20. Rxc8 Qxc8 21. Ne4 Be8 22. Qg3 Qc2 23. Nf6+ Bxf6 24. exf6 Qxd1# 0-1

[Event "RUS-ch Blitz Men 2018"]
[Site "Sochi"]
[Date "2018.10.07"]
[Round "13"]
[White "Sviridov, Valery"]
[Black "Demidov, Mikhail"]
[Result "0-1"]
[WhiteElo "2551"]
[BlackElo "2514"]
[Annotator "ChessBase"]
[PlyCount "120"]
[EventDate "2018.10.07"]
[EventType "swiss"]
[EventCountry "RUS"]
[SourceTitle "playchess.com"]
[Source "ChessBase"]
[SourceQuality "1"]

1. Nf3 Nf6 2. g3 d5 3. Bg2 c6 4. O-O Bg4 5. d4 Nbd7 6. Nbd2 e6 7. Re1 Be7 8. e4 dxe4 9. Nxe4 Nxe4 10. Rxe4 Nf6 11. Re1 O-O 12. c3 Qb6 13. Qb3 Bf5 14. Ne5 Rfd8 15. Nc4 Qxb3 16. axb3 Nd5 17. b4 h6 18. Na5 Rd7 19. h4 Bd3 20. Bd2 Rc8 21. Nb3 b6 22. Ra3 a5 23. Nxa5 bxa5 24. Rxa5 Rdd8 25. Rea1 Nf6 26. Ra7 Bd6 27. Bf3 e5 28. dxe5 Bxe5 29. Be3 Be4 30. Be2 Nd5 31. Bc5 Re8 32. Bg4 f5 33. Bh5 Red8 34. Re1 Bb8 35. Rb7 Nf6 36. Bf7+ Kh7 37. h5 Be5 38. Bg6+ Kh8 39. Be3 Bd5 40. Bc5 Bc7 41. Ra1 Bd6 42. Raa7 Bxc5 43. bxc5 Rg8 44. b3 f4 45. c4 Bf3 46. gxf4 Rcd8 47. Kh2 Bxh5 48. Bf5 Rde8 49. b4 Bg4 50. Bg6 Re2 51. Kg3 Be6 52. b5 Bxc4 53. bxc6 Bd5 54. Bf7 Bxf7 55. Rxf7 Rc2 56. c7 Rxc5 57. Re7 Rc8 58. Kf3 Rc3+ 59. Ke2 Kh7 60. Kd2 Nd5 0-1

[Event "RUS-ch Blitz Men 2018"]
[Site "Sochi"]
[Date "2018.10.07"]
[Round "13"]
[White "Lobanov, Sergei"]
[Black "Nechaev, Oleg"]
[Result "0-1"]
[WhiteElo "2539"]
[BlackElo "2400"]
[Annotator "TA"]
[PlyCount "74"]
[EventDate "2018.10.07"]
[EventType "swiss"]
[EventCountry "RUS"]
[SourceTitle "playchess.com"]
[Source "ChessBase"]
[SourceQuality "1"]

1. e4 c5 2. Nf3 Nc6 3. d4 cxd4 4. Nxd4 Qb6 5. Nb3 Nf6 6. Nc3 e6 7. a3 d6 8. Be3 Qc7 9. f4 a6 10. g4 b5 11. Bg2 Bb7 12. g5 Nd7 13. Qg4 Nb6 14. O-O-O Nc4 15. Bf2 b4 16. axb4 Nxb4 17. Qe2 Rc8 18. Rd4 e5 19. Rdd1 Nxb2 20. Kxb2 Qxc3+ 21. Kb1 Nxc2 22. Rd3 Na3+ 23. Ka2 Qc2+ 24. Qxc2 Rxc2+ 25. Kxa3 Rxf2 26. Rd2 Rxg2 27. Rxg2 Bxe4 28. Rhg1 Bxg2 29. Rxg2 exf4 30. Nd4 d5+ 31. Ka4 Kd7 32. Rb2 Bc5 33. Nf5 f3 34. Rd2 f2 35. Ng3 Kc6 36. Kb3 Re8 37. Ra2 Re3+ 0-1

[Event "RUS-ch Blitz Men 2018"]
[Site "Sochi"]
[Date "2018.10.07"]
[Round "13"]
[White "Shcherbakov, Ruslan"]
[Black "Alekseenko, Kirill"]
[Result "0-1"]
[WhiteElo "2516"]
[BlackElo "2639"]
[Annotator "TA"]
[PlyCount "56"]
[EventDate "2018.10.07"]
[EventType "swiss"]
[EventCountry "RUS"]
[SourceTitle "playchess.com"]
[Source "ChessBase"]
[SourceQuality "1"]

1. e4 c5 2. Nf3 Nc6 3. Bb5 g6 4. Bxc6 dxc6 5. d3 Bg7 6. h3 Nh6 7. Nc3 f6 8. Be3 b6 9. a4 Nf7 10. a5 Rb8 11. O-O O-O 12. Qd2 e5 13. axb6 axb6 14. Na4 f5 15. Qc3 f4 16. Bc1 g5 17. Nh2 h5 18. f3 g4 19. fxg4 hxg4 20. Nxg4 Bxg4 21. hxg4 Nh6 22. Qb3+ Kh7 23. Rf3 b5 24. Nc3 c4 25. dxc4 Qd4+ 26. Kh1 Nxg4 27. Ra7 Kg6 28. Rxg7+ Kxg7 0-1

[Event "RUS-ch Blitz Men 2018"]
[Site "Sochi"]
[Date "2018.10.07"]
[Round "13"]
[White "Gabrielian, Artur"]
[Black "Ozgibcev, Anatoly"]
[Result "1-0"]
[WhiteElo "2499"]
[BlackElo "2368"]
[Annotator "TA"]
[PlyCount "153"]
[EventDate "2018.10.07"]
[EventType "swiss"]
[EventCountry "RUS"]
[SourceTitle "playchess.com"]
[Source "ChessBase"]
[SourceQuality "1"]

1. e4 e5 2. Nf3 Nc6 3. Bc4 Nf6 4. d3 Be7 5. O-O O-O 6. Re1 d6 7. a4 Be6 8. Bxe6 fxe6 9. c3 Qd7 10. Nbd2 h6 11. Nc4 a6 12. a5 Rab8 13. h3 Nd8 14. d4 exd4 15. cxd4 Qb5 16. Qc2 Nc6 17. Bd2 Kh8 18. e5 dxe5 19. Ncxe5 Nxe5 20. Nxe5 Kg8 21. Bxh6 Qe8 22. Bg5 Bd6 23. Bxf6 Rxf6 24. Nc4 Qf8 25. Nxd6 Qxd6 26. Rad1 c6 27. Re2 Rd8 28. Rdd2 Rd7 29. Qc5 Qxc5 30. dxc5 Rxd2 31. Rxd2 Rf5 32. b4 Rf4 33. Rb2 Kf7 34. Kf1 Re4 35. f3 Rc4 36. Ke2 Kf6 37. Kd3 Rc1 38. Rd2 Ke5 39. Ke3 Rc3+ 40. Rd3 Rc4 41. Rd7 Rxb4 42. Rxg7 Rb3+ 43. Kf2 Rb5 44. h4 Rxa5 45. h5 Kf6 46. Rxb7 Rxc5 47. g4 Rc1 48. Kg3 c5 49. f4 c4 50. g5+ Kf5 51. Rf7+ Ke4 52. h6 c3 53. Rc7 a5 54. Rc5 Kd4 55. Rc8 a4 56. h7 Rh1 57. g6 a3 58. g7 a2 59. h8=Q Rg1+ 60. Kf2 a1=Q 61. g8=Q+ Kd3 62. Qhh7+ Kd2 63. Qd8+ Kc1 64. Kxg1 Kb2+ 65. Kf2 Qa7+ 66. Kg2 Qxh7 67. Qb6+ Kc2 68. Qf2+ Kb3 69. Qb6+ Kc2 70. Qxe6 Qb7+ 71. Kg3 Qh1 72. Qe2+ Kb3 73. Qb5+ Kc2 74. Qa4+ Kd2 75. Qd4+ Ke2 76. Re8+ Kf1 77. Qf2# 1-0

[Event "RUS-ch Blitz Men 2018"]
[Site "Sochi"]
[Date "2018.10.07"]
[Round "13"]
[White "Moiseenko, Vadim"]
[Black "Chigaev, Maksim"]
[Result "0-1"]
[WhiteElo "2492"]
[BlackElo "2599"]
[Annotator "RC"]
[PlyCount "102"]
[EventDate "2018.10.07"]
[EventType "swiss"]
[EventCountry "RUS"]
[SourceTitle "playchess.com"]
[Source "ChessBase"]
[SourceQuality "1"]

1. g3 g6 2. Bg2 Bg7 3. d3 c5 4. Nd2 Nc6 5. c3 d5 6. Ngf3 Nf6 7. O-O O-O 8. Re1 e6 9. Qc2 a5 10. a4 b6 11. b3 Ba6 12. Bb2 Rc8 13. Rad1 d4 14. Nc4 Nd5 15. cxd4 cxd4 16. Qd2 Qe7 17. Ba3 Ncb4 18. Rc1 Rfd8 19. h4 h6 20. Nfe5 Qa7 21. e3 dxe3 22. fxe3 Bxc4 23. Nxc4 Qb8 24. Kh2 h5 25. Bxd5 exd5 26. Nb2 Be5 27. Qf2 Rxc1 28. Rxc1 Bxb2 29. Bxb2 Nxd3 30. Qf6 Nxb2 31. Qxb2 Re8 32. Qd4 Qd6 33. e4 Qa3 34. Rc2 Qxb3 35. Rb2 Qc4 36. Qxd5 Qxe4 37. Qxe4 Rxe4 38. Rxb6 Rxa4 39. Ra6 Ra2+ 40. Kh3 a4 41. Ra7 Kf8 42. Ra8+ Ke7 43. Ra7+ Ke6 44. Ra6+ Ke5 45. Ra5+ Kd4 46. Ra7 f5 47. Ra6 a3 48. Rxg6 Rb2 49. Ra6 a2 50. Ra4+ Kc3 51. Ra3+ Kc2 0-1

[Event "RUS-ch Blitz Men 2018"]
[Site "Sochi"]
[Date "2018.10.07"]
[Round "13"]
[White "Hasangatin, Ramil"]
[Black "Smirnov, Timofey"]
[Result "1-0"]
[WhiteElo "2485"]
[BlackElo "2332"]
[Annotator "TA"]
[PlyCount "77"]
[EventDate "2018.10.07"]
[EventType "swiss"]
[EventCountry "RUS"]
[SourceTitle "playchess.com"]
[Source "ChessBase"]
[SourceQuality "1"]

1. d4 d5 2. Bf4 c5 3. e3 Nc6 4. c3 Nf6 5. Nd2 Qb6 6. Qb3 c4 7. Qc2 g6 8. e4 Qd8 9. exd5 Nxd5 10. Bg3 b5 11. a4 Bf5 12. Qd1 a6 13. Ngf3 Bg7 14. Nh4 Bd7 15. Ne4 f5 16. Nc5 f4 17. Nxd7 Qxd7 18. axb5 Nb8 19. Bxc4 fxg3 20. hxg3 O-O 21. Qb3 e6 22. O-O a5 23. Nf3 h6 24. Rfe1 Rd8 25. Ne5 Bxe5 26. Rxe5 a4 27. Qa2 Ra7 28. Rae1 Rc7 29. Rxe6 Kh7 30. Bd3 Rg8 31. Qb1 Qf7 32. c4 Nb4 33. d5 Nxd3 34. Qxd3 Rg7 35. d6 Rd7 36. c5 Qf5 37. Qxf5 gxf5 38. c6 Ra7 39. c7 1-0

[Event "RUS-ch Blitz Men 2018"]
[Site "Sochi"]
[Date "2018.10.07"]
[Round "13"]
[White "Kezin, Roman"]
[Black "Linker, Mikhail"]
[Result "1-0"]
[WhiteElo "2471"]
[BlackElo "2269"]
[Annotator "RC"]
[PlyCount "83"]
[EventDate "2018.10.07"]
[EventType "swiss"]
[EventCountry "RUS"]
[SourceTitle "playchess.com"]
[Source "ChessBase"]
[SourceQuality "1"]

1. d4 Nf6 2. c4 g6 3. Nc3 d5 4. Nf3 Bg7 5. cxd5 Nxd5 6. e4 Nxc3 7. bxc3 O-O 8. Be3 c5 9. Be2 Nc6 10. O-O Qa5 11. Rc1 Rd8 12. d5 Bxc3 13. Rxc3 Qxc3 14. Bd2 Qb2 15. dxc6 bxc6 16. Qc1 Qxc1 17. Rxc1 Rb8 18. Ba5 Rd7 19. Ne5 Rdb7 20. Bd3 Be6 21. Nxc6 Rc8 22. Ba6 Rxc6 23. Bxb7 Rd6 24. a3 Rd3 25. Bc3 c4 26. f3 f6 27. Kf2 Kf7 28. Ke2 g5 29. Ba6 h5 30. Bb4 Rd4 31. Bc5 Rd7 32. Bxc4 Bxc4+ 33. Rxc4 Rc7 34. Rc3 Ke6 35. Bb4 Rd7 36. Rc6+ Kf7 37. Ba5 Rb7 38. Rc7 Rb2+ 39. Kf1 h4 40. h3 Ke6 41. Bb4 Ke5 42. Bc3+ 1-0

[Event "RUS-ch Blitz Men 2018"]
[Site "Sochi"]
[Date "2018.10.07"]
[Round "13"]
[White "Belyakov, Bogdan"]
[Black "Truskavetsky, Alexandr"]
[Result "1-0"]
[WhiteElo "2458"]
[BlackElo "2393"]
[Annotator "ChessBase"]
[PlyCount "68"]
[EventDate "2018.10.07"]
[EventType "swiss"]
[EventCountry "RUS"]
[SourceTitle "playchess.com"]
[Source "ChessBase"]
[SourceQuality "1"]

1. e4 c6 2. d4 d5 3. Nc3 dxe4 4. Nxe4 Bf5 5. Ng3 Bg6 6. Bc4 e6 7. N1e2 Nf6 8. O-O Bd6 9. f4 Qc8 10. f5 exf5 11. Bf4 Bxf4 12. Nxf4 O-O 13. h4 b5 14. Bb3 c5 15. c3 c4 16. Bc2 h6 17. Qf3 Nc6 18. Rae1 Bh7 19. Nfh5 Nxh5 20. Qxh5 Bg6 21. Qf3 Re8 22. Bxf5 Bxf5 23. Rxe8+ Qxe8 24. Nxf5 Kh8 25. h5 Rd8 26. Qg3 Qf8 27. Re1 Rc8 28. Re3 Rd8 29. Qg4 a5 30. Rg3 Re8 31. Nxg7 Re1+ 32. Kh2 Ne7 33. Nf5 Nxf5 34. Qxf5 Qd8 1-0

[Event "RUS-ch Blitz Men 2018"]
[Site "Sochi"]
[Date "2018.10.07"]
[Round "13"]
[White "Drygalov, Sergey"]
[Black "Fakhrutdinov, Timur"]
[Result "1-0"]
[WhiteElo "2446"]
[BlackElo "2472"]
[Annotator "ChessBase"]
[PlyCount "65"]
[EventDate "2018.10.07"]
[EventType "swiss"]
[EventCountry "RUS"]
[SourceTitle "playchess.com"]
[Source "ChessBase"]
[SourceQuality "1"]

1. Nf3 Nf6 2. c4 e6 3. b3 d5 4. e3 Be7 5. Bb2 O-O 6. Be2 b6 7. Rg1 Bb7 8. g4 dxc4 9. bxc4 c5 10. g5 Ne4 11. h4 Nc6 12. d3 Nd6 13. h5 Nf5 14. a3 Qc7 15. h6 g6 16. Nc3 Rfd8 17. Qc2 Bd6 18. Ne4 e5 19. Qc3 Kf8 20. Nf6 Ncd4 21. exd4 exd4 22. Qc2 Bf4 23. Nxh7+ Ke7 24. Nf6 Rd6 25. Rg4 Rxf6 26. gxf6+ Kxf6 27. Bc1 Bxc1 28. Qxc1 Bxf3 29. Qg5+ Ke6 30. Bxf3 Rh8 31. Re4+ Kd7 32. Qf6 Rh7 33. Bg4 1-0

[Event "RUS-ch Blitz Men 2018"]
[Site "Sochi"]
[Date "2018.10.07"]
[Round "13"]
[White "Oganian, Miran"]
[Black "Gochelashvili, David"]
[Result "1/2-1/2"]
[WhiteElo "2435"]
[BlackElo "2419"]
[Annotator "TA"]
[PlyCount "98"]
[EventDate "2018.10.07"]
[EventType "swiss"]
[EventCountry "RUS"]
[SourceTitle "playchess.com"]
[Source "ChessBase"]
[SourceQuality "1"]

1. b3 Nf6 2. Bb2 g6 3. Bxf6 exf6 4. d4 f5 5. e3 b6 6. Nf3 Bb7 7. g3 Bxf3 8. Qxf3 d5 9. Bg2 c6 10. O-O Nd7 11. c4 Nf6 12. cxd5 cxd5 13. Qe2 Rc8 14. Qa6 Qd7 15. Na3 Bd6 16. Nb5 Bb8 17. a4 O-O 18. a5 Rc6 19. Rfc1 Rfc8 20. Rxc6 Rxc6 21. Bf1 g5 22. axb6 Rxb6 23. Qa4 f4 24. exf4 gxf4 25. Nxa7 fxg3 26. hxg3 Qxa4 27. Rxa4 Bxa7 28. Rxa7 Rxb3 29. Ra4 Rb1 30. Kg2 Rb2 31. Kf3 Ne4 32. Be2 Ng5+ 33. Ke3 Ne4 34. Ra3 Kg7 35. Rd3 Kf6 36. Ra3 Kg5 37. Rd3 f6 38. Ra3 h5 39. Rd3 Ra2 40. Rb3 Ra4 41. Bf3 Nd6 42. Bxd5 Nf5+ 43. Kd2 Rxd4+ 44. Rd3 Ra4 45. Bb3 Rb4 46. Kc3 Rb5 47. Rd5 Rxd5 48. Bxd5 h4 49. gxh4+ Nxh4 1/2-1/2

[Event "RUS-ch Blitz Men 2018"]
[Site "Sochi"]
[Date "2018.10.07"]
[Round "13"]
[White "Balashov, Yuri S"]
[Black "Kretov, Evgenij"]
[Result "1-0"]
[WhiteElo "2429"]
[BlackElo "2219"]
[Annotator "NA"]
[PlyCount "95"]
[EventDate "2018.10.07"]
[EventType "swiss"]
[EventCountry "RUS"]
[SourceTitle "playchess.com"]
[Source "ChessBase"]
[SourceQuality "1"]

1. d4 Nf6 2. Nf3 e6 3. e3 d5 4. b3 Nbd7 5. Bb2 Be7 6. Bd3 O-O 7. O-O c5 8. Nbd2 b6 9. Ne5 Bb7 10. f4 Ne4 11. Qe2 f6 12. Nxd7 Qxd7 13. Nxe4 dxe4 14. Bb5 Bc6 15. a4 Rfd8 16. Rad1 Bxb5 17. axb5 Qb7 18. f5 exf5 19. Rxf5 cxd4 20. exd4 Re8 21. Qc4+ Kh8 22. Qc6 Qc8 23. Qxc8 Raxc8 24. c4 Bb4 25. Kf2 Kg8 26. Ke2 Kf7 27. d5 Bd6 28. h3 Kg6 29. g4 Rc7 30. h4 h6 31. h5+ Kf7 32. Ke3 Bc5+ 33. Bd4 Bd6 34. Ra1 Rd7 35. Ra4 Rde7 36. Rf1 Rc7 37. Rc1 Ree7 38. b4 Be5 39. c5 bxc5 40. bxc5 Bg3 41. Rcc4 Red7 42. d6 Bxd6 43. cxd6 Rxc4 44. Rxc4 Rxd6 45. Rc7+ Ke6 46. Rxa7 f5 47. Rxg7 fxg4 48. Kxe4 1-0